000 00441nam a2200121Ia 4500
005 20251206144430.0
008 251206s9999 xx 000 0 und d
082 _a940.1
_bVES
100 _aவாசுதேவ ராவ், டி. என்.
245 0 _aஐரோப்பிய வரலாறு
260 _aசென்னை :
_bதமிழ்நாட்டுப் பாடநூல் நிறுவனம்
942 _cREF
999 _c601341
_d601341